| 000 | 00626nam a22002057a 4500 | ||
|---|---|---|---|
| 003 | URS | ||
| 005 | 20250424194837.0 | ||
| 008 | 250129b |||||||| |||| 00| 0 eng d | ||
| 020 | _a9789718219959 | ||
| 040 | _cURS | ||
| 050 | _aFIL PL 6054 .B456 2023 | ||
| 100 |
_4author _aBernales, Rolando A. |
||
| 245 |
_aKontekstwalisadong komunikasyon sa Filipino / _cRolando A. Bernales. |
||
| 260 | _aMalabon, Philippines ; Mutya, 2022 | ||
| 300 | _a187 p ; 30 cm | ||
| 504 | _aIncludes bibliography. | ||
| 650 | _aFilipino language -- Study and teaching (Higher) | ||
| 700 |
_4co-author _aGutierrez, Liberty |
||
| 942 |
_2lcc _cF |
||
| 999 |
_c82661 _d82660 |
||